000 00286nam a22001337a 4500
008 170512b xxu||||| |||| 00| 0 eng d
020 _a9781588265654
041 _aeng
080 _23RD
_a94
100 _a16
101 _aSHH
245 _aMIDDLE EAST
_cSCHEDLER, J
942 _2udc
_cBK
999 _c13314
_d13314